| 000 | 00672nam a2200169 a 4500 | ||
|---|---|---|---|
| 001 | BRCA_1615 | ||
| 005 | 20190320203459.0 | ||
| 008 | 090408s2007----us-a---###---#000-0#eng-# | ||
| 050 | 4 |
_aND259.P3 _b.W65 2007 |
|
| 245 | 1 | 0 |
_aWolfgang Paalen _bImplicit Spaces. |
| 260 |
_aSan Francisco, California _bFrey Norris Gallery Annex _c2007 |
||
| 300 |
_a43 p. _bil. a color _c28 cm. |
||
| 500 | _aCatálogo de la exposición realizada en la Frey Norris Gallery Annex (San Francisco, California), 17 mayo - 12 julio, 2007 | ||
| 600 | 1 | 4 |
_aPaalen, Wolfgang _d1905-1959 _vExposiciones - Catálogos _95070 |
| 650 | 1 | 4 |
_aPintura surrealista _ySiglo XX _zAustria - México _95071 |
| 942 |
_2lcc _cB |
||
| 999 |
_c1424 _d1424 |
||